000 00564nam a2200181Ia 4500
008 100920s9999 xx 000 0 und d
082 _b24293
_a891.464 थ 71
100 _aकुंभोजकर रा. अ.
245 _aशततारका.
260 _bकिर्लोस्कर प्रेस प्रकाशन, पुणे.
_c1971
300 _a128
_bसाधी
365 _b5
520 _aनिबंध.
630 _aशततारका.
650 _aनिबंध.
730 _aशततारका.
942 _cBOOK
999 _c682779
_d682776